Geológia

Salvato in:
Dettagli Bibliografici
Autori principali: Čabalová, Darina, 1935- (Autore), Baliak, František, 1942- (Autore)
Natura: Libro
Lingua:slovacco
Pubblicazione: Bratislava : STU v Bratislave, 2001
Edizione:2.preprac.vyd.
Tags: Aggiungi Tag
Nessun Tag, puoi essere il primo ad aggiungerne!!

MARC

LEADER 00000nam a22000003a 4500
001 stu61119
005 20150617225651.2
008 010906s2001------------------------slo-d
020 |a 80-227-1502-6 
040 |a STU  |b slo 
041 0 |a slo 
080 |a 551.7(075.8) 
080 |a 624.131.1(075.8) 
100 1 |a Čabalová, Darina,  |d 1935-  |4 aut  |u V150  |U SvF Stavebná fakulta  |T SvF Katedra geotechniky  |X 3543  |U V150  |Y 15  |7 A000003543 
245 1 |a Geológia 
250 |a 2.preprac.vyd. 
260 |a Bratislava :  |b STU v Bratislave,  |c 2001 
300 |a 162 s.;obr.,schémy 
700 1 |a Baliak, František,  |d 1942-  |4 aut  |u V150  |U SvF Stavebná fakulta  |T SvF Katedra geotechniky  |X 989  |U V150  |Y 15  |7 A000000989 
996 |b 284V029419  |c V*38976/S-01  |l VVT  |s A  |a 24  |w stu61119_0019 
996 |b 284V010414  |c V*38977/S-01  |l VVS  |s A  |a 24  |w stu61119_0020 
996 |b 284V015807  |c V*38979/S-01  |l VVS  |s A  |a 24  |w stu61119_0021 
996 |b 284V012781  |c V*40697/S-04  |l VVS  |s A  |a 24  |w stu61119_0038 
996 |b 284V012738  |c V*40675/S-04  |l VVS  |s A  |a 24  |w stu61119_0040